| 000 | 00360pam a2200145a 44500 | ||
|---|---|---|---|
| 008 | 230405s2012 xxu||||| |||| 00| 0 eng d | ||
| 020 |
_a97871793846 _cRs. 250 |
||
| 082 |
_a610.73 _bGUP |
||
| 100 | _aGupta, L.C. | ||
| 245 | _aManual of First Aid | ||
| 260 |
_aNew Delhi _bJaypee Pub _c2012 |
||
| 300 | _a441 p | ||
| 700 | _aGupta, Abhitabh | ||
| 906 | _a002486 | ||
| 999 |
_c251199 _d251199 |
||